[Event "2 Old Men"]
[Site "http://www.queenalice.com/game.php?id=1830743"]
[Date "2024.2.3"]
[Round "-"]
[White "arvo1938"]
[Black "FLeicher"]
[Result "0-1"]
[WhiteElo "2170"]
[BlackElo "2119"]

1. c4 e5 2. Nc3 Nf6 3. Nf3 Nc6 4. e4 d6 5. d4 exd4 6. Nxd4 Bd7 7. Be2 Be7 8. O-O
O-O 9. Be3 Re8 10. f3 a6 11. Nxc6 Bxc6 12. Qc2 Bf8 13. a3 Nd7 14. Nd5 Nc5 15. b4
Ne6 16. Nf4 Bd7 17. Nxe6 Bxe6 18. Qc3 c5 19. Rfd1 Qc7 20. b5 axb5 21. cxb5 b6
22. Bc4 Bxc4 23. Qxc4 Rad8 24. Bf2 Re6 25. a4 g6 26. Bg3 Bg7 27. Ra3 Be5 28.
Bxe5 dxe5 29. Rad3 Rxd3 30. Qxd3 Kf8 31. Qd8+ Qxd8 32. Rxd8+ Re8 33. Rxe8+ Kxe8
34. Kf2 Kd7 35. Ke3 c4 36. Kd2 Kd6 37. Kc3 Kc5 38. h4 h6 39. g4 g5 40. hxg5 hxg5
41. Kc2 Kb4 42. Kd2 Kxa4 43. Kc2 Kxb5 0-1

[Event "Challenge"]
[Site "http://www.queenalice.com/game.php?id=1832000"]
[Date "2024.2.21"]
[Round "-"]
[White "mennecy91"]
[Black "FLeicher"]
[Result "0-1"]
[WhiteElo "1856"]
[BlackElo "2128"]

1. c4 e6 2. d4 d5 3. Nc3 Nf6 4. cxd5 exd5 5. g3 c6 6. Bg2 Be7 7. Nf3 Na6 8. O-O
O-O 9. a3 Nc7 10. h3 Ne6 11. Ne5 Qc7 12. e3 Ng5 13. Kh2 b6 14. f4 Nge4 15. Nxe4
Nxe4 16. Qc2 Bb7 17. b4 f6 18. Nd3 Rfe8 19. Nf2 Nxf2 20. Rxf2 Qd7 21. Bb2 f5 22.
Re1 a5 23. Bc3 a4 24. h4 h5 25. Bh3 g6 26. e4 Rf8 27. exf5 gxf5 28. Rfe2 Bd6 29.
Re6 Qd8 30. Bxf5 Bxf4 31. Bh7+ Kh8 32. Re7 Bd6 33. Rxb7 Qxh4+ 34. Kg1 Qxg3+ 35.
Qg2 Rf3 36. Bd2 Rxa3 37. Qxg3 Rxg3+ 38. Kh1 a3 39. Bb1 a2 40. Bxa2 Rxa2 41. Re8+
Rg8 42. Rxg8+ Kxg8 0-1

[Event "Challenge"]
[Site "http://www.queenalice.com/game.php?id=1832619"]
[Date "2024.3.2"]
[Round "-"]
[White "Pumpernickel"]
[Black "FLeicher"]
[Result "0-1"]
[WhiteElo "2023"]
[BlackElo "2122"]

1. d4 e6 2. e4 d5 3. exd5 exd5 4. Bd3 Bd6 5. Ne2 Ne7 6. O-O c6 7. b3 O-O 8. Bb2
Nd7 9. Nd2 Nf6 10. c4 Re8 11. Qc2 a6 12. a4 g6 13. c5 Bc7 14. b4 Bf5 15. Rfe1
Bxd3 16. Qxd3 Nf5 17. Nc3 Bxh2+ 18. Kxh2 Ng4+ 19. Kg1 Qh4 20. Nf3 Qxf2+ 21. Kh1
Ng3# 0-1

[Event "Challenge"]
[Site "http://www.queenalice.com/game.php?id=1833068"]
[Date "2024.3.9"]
[Round "-"]
[White "Richardlim"]
[Black "FLeicher"]
[Result "0-1"]
[WhiteElo "2148"]
[BlackElo "2110"]

1. c4 e5 2. Nc3 Nc6 3. Nf3 Nf6 4. d3 h6 5. g3 d6 6. Bg2 Ne7 7. O-O Rb8 8. b3 c6
9. Bb2 Ng6 10. Re1 Be7 11. h3 O-O 12. e4 Nh7 13. Kh2 f5 14. exf5 Bxf5 15. Rh1
Qd7 16. Kg1 Rbe8 17. h4 Bg4 18. Qe2 Qf5 19. Qe4 Qxe4 20. dxe4 Bxf3 21. h5 Nh8
22. Rh3 Bxg2 23. Kxg2 Ng5 24. Rh2 Rf7 25. Rf1 Ref8 26. Bc1 Rf3 27. Bxg5 Bxg5 28.
Ne2 R3f7 29. g4 Bf4 30. Nxf4 Rxf4 31. f3 Nf7 32. Kg3 Ng5 33. Rhf2 Rxe4 34. fxe4
Nxe4+ 35. Kg2 Rxf2+ 36. Rxf2 Nxf2 37. Kxf2 a5 38. Ke3 Kf7 39. Ke4 Ke6 40. a3 d5+
41. cxd5+ cxd5+ 42. Ke3 Kf6 43. Kf3 Kg5 44. Kg3 e4 45. Kf2 Kf4 46. Ke2 e3 47. g5
d4 48. gxh6 gxh6 49. b4 d3+ 50. Kxd3 axb4 51. axb4 Kf3 52. Kd4 e2 53. Kc5 e1=Q
54. b5 Qa5 55. Kc4 b6 56. Kd5 Qxb5+ 57. Ke6 Kf4 58. Kf6 Qc6+ 59. Kg7 Kf5 60. Kh7
Kf6 61. Kxh6 Qg2 0-1

[Event "Challenge"]
[Site "http://www.queenalice.com/game.php?id=1833401"]
[Date "2024.3.14"]
[Round "-"]
[White "jogo"]
[Black "FLeicher"]
[Result "1-0"]
[WhiteElo "2023"]
[BlackElo "2129"]

1. e4 e5 2. Nc3 Nf6 3. f4 d5 4. fxe5 Nxe4 5. Nf3 Bg4 6. Qe2 Nc6 7. Nxe4 Nd4 8.
Qd3 dxe4 9. Qxd4 Bxf3 10. Qxd8+ Rxd8 11. gxf3 exf3 12. Kf2 Rd5 13. c4 Bc5+ 14.
Kxf3 Rxe5 15. b3 Bd4 16. Rb1 Re1 17. Bg2 Bg1 18. Ra1 O-O 19. Bb2 Rfe8 20. Rxg1
1-0

[Event "Challenge"]
[Site "http://www.queenalice.com/game.php?id=1833402"]
[Date "2024.3.14"]
[Round "-"]
[White "FLeicher"]
[Black "jogo"]
[Result "1-0"]
[WhiteElo "2114"]
[BlackElo "2167"]

1. e4 e5 2. Bc4 Nf6 3. Nc3 Nxe4 4. Qh5 Nd6 5. Qxe5+ Qe7 6. Qxe7+ Bxe7 7. Bd5 c6
8. Bf3 O-O 9. d3 b5 10. Bf4 b4 11. Na4 Nf5 12. Ne2 Nh4 13. O-O-O Nxf3 14. gxf3
Na6 15. Rhg1 Nc5 16. Nxc5 Bxc5 17. Bh6 Bb6 18. Bxg7 Re8 19. Be5+ Kf8 20. Bd6+
Re7 21. Bxe7+ Kxe7 22. d4 Ba6 23. Rge1 Re8 24. Ng3+ Kd8 25. Ne4 f5 26. Nc5 Bc4
27. Nb7+ Kc7 28. Rxe8 Kxb7 29. Re7 Kc8 30. b3 Bd5 31. Rd3 Bd8 32. Rxh7 Bg8 33.
Rh8 Be6 34. f4 Kc7 35. h4 Bf6 36. Rh6 Bg7 37. Rg6 Bf8 38. h5 Kd8 39. h6 1-0

[Event "Challenge"]
[Site "http://www.queenalice.com/game.php?id=1838604"]
[Date "2024.6.15"]
[Round "-"]
[White "FLeicher"]
[Black "jogo"]
[Result "0-1"]
[WhiteElo "2132"]
[BlackElo "1760"]

1. e4 e5 2. Nf3 Nf6 3. Nxe5 d6 4. Nf3 Nxe4 5. d4 d5 6. Bd3 Bg4 7. O-O Bd6 8. Re1
f5 9. c4 c6 10. Nbd2 O-O 11. a3 Re8 12. Nf1 h6 13. Ne3 Bxf3 14. Qxf3 g6 15. Qh3
Kg7 16. f3 Ng5 17. Nxf5+ gxf5 18. Bxg5 Rxe1+ 19. Rxe1 Qxg5 20. c5 Be7 21. f4 Qh4
22. Qe3 Bf6 23. g3 Qh5 24. Be2 Qf7 25. Bd3 Qg6 26. Re2 Na6 27. g4 Kf8 28. Bxf5
Qe8 29. Be6 Nc7 30. f5 Kg7 31. Qf4 Qe7 32. Kf1 Bg5 33. Qd6 Qxd6 34. cxd6 Nb5 35.
d7 Nxd4 36. Re1 Rf8 37. Kg2 Nxe6 38. Rxe6 Rd8 39. Rg6+ Kf7 40. h4 Bxh4 41. Rxh6
Bg5 42. Rh3 Bf6 43. Rh7+ Kg8 44. Rh3 Rxd7 45. b3 d4 46. Kf1 d3 47. Ke1 d2+ 0-1

[Event "Challenge"]
[Site "http://www.queenalice.com/game.php?id=1841620"]
[Date "2024.8.8"]
[Round "-"]
[White "jogo"]
[Black "FLeicher"]
[Result "0-1"]
[WhiteElo "1714"]
[BlackElo "2109"]

1. e4 e5 2. d4 exd4 3. Qxd4 Nc6 4. Qe3 d6 5. c4 Be6 6. Nc3 Nf6 7. Bd2 Ne5 8.
O-O-O Nxc4 9. Bxc4 Bxc4 10. Nf3 Be6 11. h3 Be7 12. g4 c6 13. Nd4 Nd7 14. f4 Nb6
15. f5 Bd7 16. b3 Qc7 17. Kb1 O-O 18. Rde1 Rfe8 19. e5 Bh4 20. Ref1 dxe5 21. Nf3
Bg3 22. Ne4 Bf4 23. Qf2 Nd5 24. Bxf4 Nxf4 25. Qh4 f6 26. Rhg1 h6 27. Kb2 Rf8 28.
Rd1 Be8 29. Nc5 Qe7 30. Nd3 Nxd3+ 31. Rxd3 c5 32. Nd2 a5 33. Ne4 c4 34. bxc4
Qb4+ 35. Rb3 Qxc4 36. Nd2 Qd4+ 37. Kc2 Rc8+ 38. Kd1 Qxg1+ 0-1